000 00262nam a22001217a 4500
008 181015b xxu||||| |||| 00| 0 eng d
041 _aeng
080 _a370
100 _a49
101 _aEDU
245 _aSisterhood Is Powerful
_cMorgan.R
942 _2udc
_cBK
999 _c49707
_d49707